01002nam a2200265 a 4500001001000000003000900010005001700019007000300036008004100039040002500080082001900105100003700124245006800161260003600229300002000265590002600285590002700311650003700338650002200375910001400397942001300411952012200424952017500546999001500721000006227DO-SdBNP20260217121124.0ta090827s1962 dr 001 0 spa d aDO-SdBNPbspacBNPHU a364.151bS211m aSánchez Cabral, Eduardo91741214aLos mártires de hacienda María /cEduardo Sánchez Cabral. aSanto Domingo :bCaribe,c1962. a14 p. :b25 cm. aEjemplar autografiado aInventariado, 2022/ YL 7aCriminología9170892LIBRUNAM  0aGenocidio 911099 aYLockward 2ddccLF2 00102ddc51708DS-FRVaBNPHUbBNPHUcCTd2011-07-12iLF1o364.151 S211mp6227-20r2020-06-25te. 2w2020-06-25yLF2 00102ddc51708DS-FRVaBNPHUbBNPHUcHDd2009-08-27iLF1o364.151 S211mp6227-10r2020-06-25w2020-06-25yLF2zPerteneció a la biblioteca personal de Martínez Boog. c6022d6022